Environmental management systems and cleaner production
Αποθηκεύτηκε σε:
| Άλλοι συγγραφείς: | |
|---|---|
| Μορφή: | Βιβλίο |
| Γλώσσα: | English |
| Δημοσίευση: |
Chichester :
John wiley and sons ,
c1997
|
| Θέματα: | |
| Ετικέτες: |
Προσθήκη ετικέτας
Δεν υπάρχουν, Καταχωρήστε ετικέτα πρώτοι!
|
MARC
| LEADER | 00000nam a2200000 i 4500 | ||
|---|---|---|---|
| 001 | 1/16370 | ||
| 008 | 980731s1997 eng d | ||
| 020 | |a 0-471-96662-2 | ||
| 035 | |l 10020170 | ||
| 040 | |a GR-MY-UA |b gre |e aacr | ||
| 041 | 0 | |a eng | |
| 082 | 0 | |a 658.408 | |
| 245 | 1 | 0 | |a Environmental management systems and cleaner production / |c edited by Ruth Hillary |
| 260 | |a Chichester : |b John wiley and sons , |c c1997 | ||
| 300 | |a 359 p. | ||
| 504 | |a Includes bibliogaphical references and index | ||
| 650 | 0 | 0 | |a Production management |x Environmental aspects. |
| 650 | 0 | 0 | |a Manufactures |x Environmental aspects. |
| 700 | 0 | |a Hillary, Ruth. |4 edt | |
| 852 | |a INST |b LESVOS |e 19980731 |h 658.408 ENV |p 005100013287 |q 005100013287 |t BK |y 0 | ||
| 901 | |a BIBL-1998-3 | ||
| 909 | |a Λ |b 058633 | ||
| 922 | |a 1ΕΛΗ |b 199807 |c ΚΠΣ/ΤΠ |d ΠΑΠΑΣΩΤΗΡΙΟΥ | ||
| 950 | |a 107-1998-05-21 | ||